History Quiz

Random History or Capital Quiz

Historic Capitals of Georgia on a Map Quiz Stats

 Plays Quiz not verified by Sporcle

Challenge
Share
Tweet
Score 0/8 Timer 10:00
0 Plays Today
% Correct
Savannah
100%
Augusta
88.4%
Atlanta
86%
Macon
69.8%
Milledgeville
55.8%
Louisville
18.6%
Ebenezer
9.3%
Heard's Fort
7%

You're not logged in!

Compare scores with friends on all Sporcle quizzes.
OR
Log In

You Might Also Like...

Show Comments

Extras

Top Quizzes Today


Score Distribution

Your Account Isn't Verified!

In order to create a playlist on Sporcle, you need to verify the email address you used during registration. Go to your Sporcle Settings to finish the process.

Report this User

Report this user for behavior that violates our Community Guidelines.

Details: